000 00881nam a22002295i 4500
001 157937
003 ES-MaACL
005 20250902063109.0
008 040819s1900 it a |||| | ita d
040 _aCAM
_bspa
_cCAM
100 1 _aLombroso, Cesare,
_d1835-1909
_9242173
245 1 0 _aLezioni di medicina legale /
_cCesare Lombroso.
250 _a2ª ed. interamente rif.
260 _aTorino [etc] :
_bFratelli Bocca,
_c1900 (
_fTip. Lit. Camilla e Bertolero di Natale Bertolero)
300 _aXV, 576 p. :
_bil. ;
_c24 cm.
490 1 _aNuova collezione di opere giuridiche ;
_v99
598 _aMención de serie tomada de la cub. original.
650 7 _aMedicina legal
_2embne
_914928
830 0 _aNuova collezione di opere giuridiche ;
_v99
_9188195
852 _aES-MaACL
_jF-11080
_z-- Enc. hol. conservando la cub. original
999 _c157937
_d157937